Riego por aspersión /
Guardado en:
| Formato: | Libro |
|---|---|
| Idioma: | Spanish |
| Publicado: |
México :
Diana,
1972.
|
| Series: | Colección Ingeniería de Suelos ;
6 Manual de Ingeniería de Suelos. Sección 15: Riego |
| Etiquetas: |
Agregar Etiqueta
Sin Etiquetas, Sea el primero en etiquetar este registro!
|
| LEADER | 00591nam a22001575a 4500 | ||
|---|---|---|---|
| 001 | EEA.libagro004010 | ||
| 005 | 20190425112832.0 | ||
| 008 | 130809s1972####mx#a##########000#0#spa#d | ||
| 082 | 0 | 4 | |a 631.4 |
| 082 | 0 | 4 | |a 631.7 |
| 245 | 1 | 0 | |a Riego por aspersión / |c Servicio de Conservación de Suelos. Departamento de Agricultura de los Estados Unidos de América. |
| 260 | |a México : |b Diana, |c 1972. | ||
| 300 | |a 102 p. : |b il. ; |c 23 cm. | ||
| 490 | 1 | |a Colección Ingeniería de Suelos ; |v 6 | |
| 490 | 1 | |a Manual de Ingeniería de Suelos. Sección 15: Riego | |
| 859 | |a AR-BbBCA |b BIB. AGRONOMIA |h 631.4 |i Es796 |p 1989/1248 | ||
